|
|
|
|
| LEADER |
00000nam a22000007a 4500 |
| 005 |
20170702225929.0 |
| 007 |
cr|||| |||| |
| 008 |
170702s2006 mx |||||s|||| 00||0 spa d |
| 020 |
|
|
|a 970-95143-7-7
|
| 035 |
|
|
|a 20392
|
| 040 |
|
|
|a vLex
|
| 090 |
|
|
|c 6802
|d 6802
|
| 100 |
1 |
|
|a Concheiro Br̤quez, Luciano
|
| 245 |
1 |
0 |
|a Biodiversidad y conocimiento tradicional en la sociedad rural
|h [Recurso electrn̤ico] :
|b Entre el bien comn︢ y la propiedad privada /
|c Luciano Concheiro Br̤quez, Francisco Lp̤ez Br̀cenas
|
| 256 |
|
|
|a Servicio en ln̕ea
|
| 260 |
|
|
|a Ciudad de Mx̌ico:
|b Cm̀ara de Diputados,
|c 2006
|
| 300 |
|
|
|a 1 recurso electrn̤ico
|
| 506 |
1 |
|
|a Disponible solo en los productos indicados
|d vLex Global
|d vLex Global (Academic Edition, excluding Law Schools)
|d vLex Global (U.S. Academic Edition, Law Schools)
|d vLex Global (U.S. Academic Edition, excluding Law Schools)
|d vLex Global (Academic Edition, Law Schools)
|
| 650 |
0 |
4 |
|a Derecho Mercantil y de la Empresa
|z Mx̌ico
|
| 650 |
0 |
4 |
|a Derecho Pb︢lico y Administrativo
|z Mx̌ico
|
| 650 |
0 |
4 |
|a Derecho del Medio Ambiente
|z Mx̌ico
|
| 700 |
1 |
|
|a Lp̤ez Br̀cenas, Francisco
|
| 740 |
0 |
|
|a vLex Libros (Servicio en ln̕ea)
|
| 856 |
4 |
0 |
|u http://vlex.com/source/biodiversidad-y-conocimiento-tradicional-en-la-sociedad-rural-entre-el-bien-comun-y-la-propiedad-privada-20392
|z Acceso restringido
|
| 942 |
|
|
|c BOOK
|
| 999 |
0 |
|
|a Commercial and Company Law
|
| 999 |
0 |
|
|a Public and Administrative Law
|
| 999 |
0 |
|
|a Environmental Law
|